Decorative Painting for the Home : (Record no. 584114)

MARC details
000 -LEADER
fixed length control field 00474nam a2200193 a 4500
008 - FIXED-LENGTH DATA ELEMENTS--GENERAL INFORMATION
fixed length control field 250826s2003##################000#0#eng##
020 ## - INTERNATIONAL STANDARD BOOK NUMBER
ISBN 9781843306641
082 04 - DEWEY DECIMAL CLASSIFICATION NUMBER
Classification number 751
Item number OSB
100 1# - MAIN ENTRY--AUTHOR NAME
Personal name Osborne, Pat,
245 10 - TITLE STATEMENT
Title Decorative Painting for the Home :
260 ## - PUBLICATION, DISTRIBUTION, ETC. (IMPRINT)
Year of publication 2003.
300 ## - PHYSICAL DESCRIPTION
Number of Pages 96 pages
650 #0 - SUBJECT ADDED ENTRY--TOPICAL TERM
Topical Term Mural painting and decoration.
942 ## - ADDED ENTRY ELEMENTS (KOHA)
Koha item type English Books
Holdings
Withdrawn status Lost status Damaged status Not for loan Home library Current library Shelving location Date acquired Full call number Accession Number Price effective from Koha item type
        Anna Centenary Library Anna Centenary Library 6TH FLOOR, B WING 26.08.2025 751 OSB 434035 26.08.2025 English Books

Find us on the map